Quarterly and annual industrial productions indexes 1983

Uložené v:
Podrobná bibliografia
Médium: Kniha
Jazyk:English
Vydavateľské údaje: Bangkok National Statistical Office 1983
Tagy: Pridať tag
Žiadne tagy, Buďte prvý, kto otaguje tento záznam!

MARC

LEADER 00000nam a2200000 4500
001 c108564
005 20041019155141.7
041 0 |a eng 
044 |a TH 
245 1 0 |a Quarterly and annual industrial productions indexes 1983 
264 1 |a Bangkok  |b National Statistical Office  |c 1983 
300 |a 26 s.